P disney/pixar characters - Statistics

General Stats
  • This quiz has been taken 20 times
  • The average score is 20 of 43
Answer Stats
Hint Answer % Correct
Pinocchio Pinocchio
100%
Pocahontas Pocahontas
100%
Mickey Mouse Pete
90%
Peter Pan Peter Pan
90%
Hercules Phil
90%
Bolt Penny
70%
101 Dalmatians Penny
70%
Sleeping Beauty Philip
70%
Mickey Mouse Pluto
70%
The Emperors New Groove Pacha
60%
Tangled Pascal
60%
Lady and the Tramp Peg
60%
Winnie the Pooh Piglet
60%
Moana Pua
60%
The Lion King Pumbaa
60%
Hercules Pain
50%
Hercules Panic
50%
Encanto Pepa
50%
101 Dalmatians Perdita
50%
The Hunchback of Notre Dame Phoebus
50%
101 Dalmatians Pongo
50%
Cinderella Prince Charming
50%
Robin Hood Prince John
50%
101 Dalmatians Patch
40%
Hercules Pegasus
40%
Lilo and Stitch Pleakley
40%
Beauty and the Beast Potts
40%
Three Caballeros Panchito
30%
Finding Nemo Peach
30%
Finding Nemo Pearl
30%
Home on the Range Pearl
30%
Pocahontas Percy
30%
Toy Story 3 Peas in a Pod
20%
101 Dalmatians Pepper
20%
Beauty and the Beast Philippe
20%
Pocahontas Powhatan
20%
Toy Story 3 Pricklepants
20%
A Bugs Life PT Flea
20%
The Sword in the Stone Pellinore
10%
The Aristocats Peppo
10%
Raya and the Last Dragon Pranee
10%
Raya and the Last Dragon Pengu
0%
Dinosaur Plio
0%
No matching quizzes found
Score Distribution
Percent of People with Each Score
Percentile by Number Answered
Your Score History
You have not taken this quiz